Poskytovanie investičnej pomoci v Slovenskej republike

Pojem štátna pomoc. Európsky rámec štátnej pomoci. Slovenský rámec štátnej pomoci. Investičná pomoc. Investičná pomoc poskytnutá zahraničným subjektom. Význam štátnej pomoci a investičnej pomoci.

Guardado en:
Detalles Bibliográficos
Autor principal: Košecká, Nina
Otros Autores: Benka, Miroslava
Formato: Capítulo de libro
Lenguaje:eslovaco
Materias:
Etiquetas: Agregar Etiqueta
Sin Etiquetas, Sea el primero en etiquetar este registro!

MARC

LEADER 00000naa$a2200000$$$4500
001 0107014
005 20231011094128.6
041 0 |a slo 
044 |a SK 
245 1 0 |a Poskytovanie investičnej pomoci v Slovenskej republike  |c Nina Košecká, Miroslava Benka 
520 |a Pojem štátna pomoc. Európsky rámec štátnej pomoci. Slovenský rámec štátnej pomoci. Investičná pomoc. Investičná pomoc poskytnutá zahraničným subjektom. Význam štátnej pomoci a investičnej pomoci. 
610 2 0 |a Slovensko 
610 2 0 |a pomoc štátna 
610 2 0 |a investori 
610 2 0 |a investovanie 
610 2 0 |a súťaž hospodárska 
610 2 0 |a stimuly ekonomické 
100 1 |a Košecká, Nina 
700 1 |a Benka, Miroslava